| 000 | 00829nac a22002051u 4500 | ||
|---|---|---|---|
| 010 | _a2003064977 | ||
| 020 | _a0130481858 | ||
| 082 | 0 | 0 |
_a620.1/1 _bJ171 |
| 090 |
_c842 _d842 |
||
| 100 | _aJacobs, James A., | ||
| 245 | 1 | 0 |
_aEngineering materials technology : _bstructures, processing, properties, and selection / _cJames A. Jacobs, Thomas F. Kilduff. |
| 250 | _a5th ed. | ||
| 260 |
_aUpper Saddle River, N.J. : _bPearson/Prentice Hall, _c2004. |
||
| 300 |
_axx, 886 p. : _bill. (some col.) ; _c28 cm. |
||
| 504 | _aIncludes bibliographical references and index. | ||
| 650 | 0 | _aMaterials. | |
| 700 | 1 |
_aKilduff, Thomas F., _d1924- |
|
| 942 |
_cBB _k620.11J171 |
||
| 999 |
_c842 _d842 |
||